00358nam a2200145Ia 45000030006000000080041000060400015000471000016000622450039000782500011001172600049001283000006001775460012001830050017001950STCL150530s9999 xx 000 0 und d aSTCLcSTCL aZiman, J.M. aPrinciples of the theory of solids aSecond bUniversity Press; Cambridgec1999aCambridge a0 aEnglish20220125170135.0